[Event "Canarias-chT"]
[Site "Vecindario"]
[Date "2015.06.12"]
[Round "3.3"]
[White "Badiola Morera, Gorka"]
[Black "Gonzalez Armas, Dinia"]
[Result "0-1"]
[WhiteElo "1523"]
[BlackElo "1738"]
[PlyCount "82"]
[EventDate "2015.06.11"]
[EventType "team-swiss"]
[EventRounds "6"]
[EventCountry "ESP"]
[SourceTitle "EXT 2024"]
[Source "ChessBase"]
[SourceDate "2023.10.10"]
[SourceVersion "1"]
[SourceVersionDate "2023.10.10"]
[SourceQuality "1"]
[WhiteTeam "Centro de Ajedrez de Lanzarote"]
[BlackTeam "Grandama Santa Lucia"]
[WhiteTeamCountry "ESP"]
[BlackTeamCountry "ESP"]

1. e4 c6 2. Nf3 d5 3. exd5 cxd5 4. Ne5 a6 5. d4 Bf5 6. c3 Nf6 7. Bf4 e6 8. Qb3 Qc8 9. Nd2 Nbd7 10. Be2 Be7 11. h3 h6 12. Ndf3 Be4 13. Rc1 Bxf3 14. Bxf3 Nxe5 15. Bxe5 b5 16. 0-0 0-0 17. Qc2 Qd7 18. Qd2 Ne8 19. Rfe1 Bd6 20. Bg4 Bxe5 21. Rxe5 Nf6 22. Qe2 Rfe8 23. Re1 Qc6 24. Bf3 Qc4 25. Qxc4 bxc4 26. g4 Rab8 27. R5e2 Rb6 28. Rd2 Reb8 29. Rb1 g5 30. Bd1 Ne4 31. Rc2 a5 32. f3 Nd6 33. a4 Rb3 34. Rcc1 Rxb2 35. Bc2 Kg7 36. Rxb2 Rxb2 37. Bd1 Nc8 38. Ra1 Ne7 39. Rc1 Ng6 40. Rc2 Rb1 41. Rd2 Rc1 0-1

[Event "Las Palmas Insular-chT Pref-A"]
[Site "Las Palmas"]
[Date "2015.03.21"]
[Round "11.4"]
[White "Gonzalez Armas, Dinia"]
[Black "Amador Garcia, Ismael"]
[Result "0-1"]
[WhiteElo "1768"]
[BlackElo "1519"]
[PlyCount "120"]
[EventDate "2014.11.22"]
[EventType "team-tourn"]
[EventRounds "14"]
[EventCountry "ESP"]
[SourceTitle "EXT 2016"]
[Source "ChessBase"]
[SourceDate "2015.10.08"]
[SourceVersion "1"]
[SourceVersionDate "2015.10.08"]
[SourceQuality "1"]
[WhiteTeam "Grandama Santa Lucia"]
[BlackTeam "Dominicas"]
[WhiteTeamCountry "ESP"]
[BlackTeamCountry "ESP"]

1. e4 c5 2. Nc3 g6 3. f4 Bg7 4. Nf3 e6 5. Bc4 Nc6 6. 0-0 Nge7 7. d3 0-0 8. Qe1 d5 9. Bb3 a6 10. f5 b5 11. a3 c4 12. Ba2 gxf5 13. Qg3 fxe4 14. dxe4 d4 15. Nd1 Ng6 16. h4 h5 17. Nf2 Nce5 18. Bg5 f6 19. Nxe5 Nxe5 20. Bf4 Nf7 21. Qg6 e5 22. Bd2 Qe8 23. Qxh5 Nh6 24. Qf3 f5 25. Qg3 Qc6 26. Rae1 f4 27. Qf3 Qg6 28. c3 Ng4 29. cxd4 exd4 30. e5 Be6 31. Nxg4 Qxg4 32. Qxg4 Bxg4 33. Rxf4 Rxf4 34. Bxf4 Be6 35. Bb1 d3 36. Kf2 Rd8 37. Rd1 Kh7 38. Rd2 Kg6 39. Bc2 Kf5 40. g3 Bxe5 41. Bg5 Rf8 42. Bd1 Ke4+ 43. Kg2 c3 44. bxc3 Bxc3 45. Rf2 Bh3+ 46. Kg1 Bd4 47. Bf4 Bxf2+ 48. Kxf2 Rg8 49. Bf3+ Kd4 50. Bg5 Be6 51. Bf6+ Kc4 52. Be5 Bg4 53. Bxg4 Rxg4 54. Ke3 a5 55. Bc7 b4 56. axb4 axb4 57. h5 b3 58. h6 b2 59. h7 b1Q 60. h8Q Qe1+ 0-1

[Event "Las Palmas Centro Goya op"]
[Site "Las Palmas"]
[Date "2014.12.05"]
[Round "5"]
[White "Gonzalez Armas, Dinia"]
[Black "Perez Guerra, Raul"]
[Result "1-0"]
[WhiteElo "1768"]
[BlackElo "1411"]
[PlyCount "99"]
[EventDate "2014.12.01"]
[EventType "swiss"]
[EventRounds "9"]
[EventCountry "ESP"]
[SourceTitle "CBM 163 Extra"]
[Source "ChessBase"]
[SourceDate "2014.12.23"]
[SourceVersion "1"]
[SourceVersionDate "2014.12.23"]
[SourceQuality "1"]

1. e4 e6 2. d4 d5 3. Nd2 Nf6 4. e5 Nfd7 5. f4 c5 6. c3 Nc6 7. Ndf3 Qb6 8. Ne2 Be7 9. g3 0-0 10. Bh3 cxd4 11. cxd4 f6 12. Bxe6+ Kh8 13. Bxd5 fxe5 14. Bxc6 Qxc6 15. 0-0 e4 16. Ne5 Nxe5 17. fxe5 Bh3 18. Rxf8+ Rxf8 19. Nf4 Bf5 20. Be3 Qb5 21. b3 Ba3 22. Qh5 Qe8 23. Qxe8 Rxe8 24. Rf1 g6 25. Rf2 Kg7 26. Rc2 Rc8 27. Rxc8 Bxc8 28. Kf2 Bb2 29. Ke2 b5 30. Kd2 b4 31. Kc2 Bc3 32. Nd5 Be1 33. Kd1 Bb7 34. Nc7 Bc3 35. Nb5 a5 36. Nxc3 bxc3 37. Kc2 Bd5 38. Kxc3 a4 39. Kb4 axb3 40. axb3 Kf7 41. Ka4 Ke6 42. b4 Kd7 43. Kb5 Ke6 44. Kc5 Ba8 45. b5 Bd5 46. Kb6 Bc4 47. Kc6 Ke7 48. d5 Kd8 49. b6 Kc8 50. e6 1-0

[Event "Las Palmas Centro Goya op"]
[Site "Las Palmas"]
[Date "2014.12.03"]
[Round "3"]
[White "Gonzalez Armas, Dinia"]
[Black "Henriquez Cazorla, Laura"]
[Result "1/2-1/2"]
[WhiteElo "1768"]
[BlackElo "1369"]
[PlyCount "84"]
[EventDate "2014.12.01"]
[EventType "swiss"]
[EventRounds "9"]
[EventCountry "ESP"]
[SourceTitle "CBM 163 Extra"]
[Source "ChessBase"]
[SourceDate "2014.12.23"]
[SourceVersion "1"]
[SourceVersionDate "2014.12.23"]
[SourceQuality "1"]

1. e4 e6 2. d4 d5 3. Nd2 Nf6 4. e5 Nfd7 5. f4 c5 6. c3 Nc6 7. Ndf3 Qb6 8. Ne2 cxd4 9. cxd4 f6 10. g3 fxe5 11. fxe5 Qb4+ 12. Kf2 Qb6 13. Kg2 Be7 14. Nf4 Nf8 15. Bd3 Bd7 16. Rf1 0-0-0 17. Ne2 Be8 18. b3 Bh5 19. Bb2 Ng6 20. h3 Bxf3+ 21. Rxf3 Rdf8 22. Bxg6 Rxf3 23. Kxf3 Rf8+ 24. Nf4 hxg6 25. Kg4 Kd7 26. Nxg6 Rf2 27. Rb1 Qb4 28. a3 Qd2 29. Qxd2 Rxd2 30. Nxe7 Kxe7 31. Bc3 Rd3 32. Rc1 Nxd4 33. Bb4+ Kd8 34. Rf1 Nf5 35. Rg1 Rxb3 36. Kf4 Nd4 37. Rg2 Nf5 38. Rg1 g5+ 39. Kg4 Re3 40. Bc5 Rc3 41. Bb4 Re3 42. Bc5 Rc3 1/2-1/2

[Event "Vecindario Ansite 4th A"]
[Site "Vecindario"]
[Date "2014.09.15"]
[Round "9.5"]
[White "Gonzalez Armas, Dinia"]
[Black "Ramirez Maillo, Juan Adonay"]
[Result "0-1"]
[WhiteElo "1720"]
[BlackElo "1728"]
[PlyCount "74"]
[EventDate "2014.08.25"]
[EventType "tourn"]
[EventRounds "9"]
[EventCountry "ESP"]
[SourceTitle "EXT 2024"]
[Source "ChessBase"]
[SourceDate "2023.10.10"]
[SourceVersion "1"]
[SourceVersionDate "2023.10.10"]
[SourceQuality "1"]

1. e4 e5 2. Nf3 Nc6 3. Bc4 Bc5 4. b4 Bxb4 5. c3 Be7 6. 0-0 Nf6 7. d4 d6 8. d5 Na5 9. Bd3 c6 10. c4 cxd5 11. cxd5 b6 12. Ba3 Nb7 13. Nbd2 Nc5 14. Bc2 0-0 15. Re1 Ba6 16. Nb3 g6 17. Qd2 Kh8 18. h4 Nh5 19. Nxc5 bxc5 20. g3 Bc8 21. Rab1 f5 22. Bc1 f4 23. Kg2 Qe8 24. Bd1 Qf7 25. Nh2 g5 26. g4 f3+ 27. Kh1 Nf4 28. h5 Bxg4 29. Nxg4 Qxh5+ 30. Nh2 g4 31. Rg1 Rf6 32. Qc2 Rh6 33. Bxf4 exf4 34. Rg2 fxg2+ 35. Kxg2 Qh3+ 36. Kg1 f3 37. Bxf3 gxf3 0-1

[Event "Tinamar (Women) 1st"]
[Site "Ayto"]
[Date "2014.09.12"]
[Round "5.1"]
[White "Gonzalez Armas, Dinia"]
[Black "Perez Castellano, Susana"]
[Result "1/2-1/2"]
[WhiteElo "1720"]
[BlackElo "1842"]
[PlyCount "64"]
[EventDate "2014.08.31"]
[EventType "tourn"]
[EventRounds "7"]
[EventCountry "ESP"]
[SourceTitle "EXT 2024"]
[Source "ChessBase"]
[SourceDate "2023.10.10"]
[SourceVersion "1"]
[SourceVersionDate "2023.10.10"]
[SourceQuality "1"]

1. e4 d5 2. exd5 Qxd5 3. Nc3 Qd6 4. d4 Nf6 5. Nf3 g6 6. g3 Bg7 7. Bg2 0-0 8. 0-0 c6 9. Re1 Bg4 10. Be3 Bxf3 11. Bxf3 e6 12. Qd2 Re8 13. Bf4 Qd8 14. Rad1 Nbd7 15. a3 Nb6 16. b3 a5 17. a4 Bf8 18. Ne4 Nbd5 19. Bg5 Nxe4 20. Bxe4 Qc7 21. c3 Be7 22. Bxe7 Qxe7 23. h4 Rad8 24. Bxd5 Rxd5 25. Re5 f6 26. Rxd5 exd5 27. Qf4 Kg7 28. Rd3 Qe1+ 29. Kg2 Qe4+ 30. Qf3 f5 31. Re3 Qxf3+ 32. Kxf3 Re4 1/2-1/2

[Event "Tinamar (Women) 1st"]
[Site "Ayto"]
[Date "2014.09.06"]
[Round "4.4"]
[White "Sosa Suarez, Carla Cristina"]
[Black "Gonzalez Armas, Dinia"]
[Result "0-1"]
[WhiteElo "1332"]
[BlackElo "1720"]
[PlyCount "116"]
[EventDate "2014.08.31"]
[EventType "tourn"]
[EventRounds "7"]
[EventCountry "ESP"]
[SourceTitle "EXT 2024"]
[Source "ChessBase"]
[SourceDate "2023.10.10"]
[SourceVersion "1"]
[SourceVersionDate "2023.10.10"]
[SourceQuality "1"]

1. d4 Nf6 2. Nf3 c5 3. c3 e6 4. g3 d5 5. Bg2 Be7 6. 0-0 Nc6 7. Bg5 b6 8. Nbd2 h6 9. Bxf6 Bxf6 10. dxc5 bxc5 11. Rc1 0-0 12. e4 Rb8 13. b3 Qc7 14. exd5 exd5 15. Qc2 Be6 16. Rfe1 Rfe8 17. b4 c4 18. Rcd1 a5 19. a3 axb4 20. axb4 Ra8 21. Nb1 Qb6 22. Qd2 Red8 23. Qf4 Ra2 24. Rd2 Rda8 25. Ree2 Ra1 26. Rd1 Rd8 27. Red2 d4 28. cxd4 Qxb4 29. Qe3 Rxb1 30. d5 Rxd1+ 31. Rxd1 Rxd5 32. Rxd5 Bxd5 33. Qe8+ Qf8 34. Qe3 Qe7 35. Qd2 Bxf3 36. Bxf3 Nd8 37. Bd1 Ne6 38. Bc2 Ng5 39. Qd1 c3 40. h4 Ne6 41. Qd3 Nf8 42. Kh2 h5 43. Qf3 Qe5 44. Qf5 Qxf5 45. Bxf5 g6 46. Bc2 Ne6 47. Kg2 Nd4 48. Bd3 c2 49. Bxc2 Nxc2 50. f3 Nd4 51. Kf2 Kf8 52. Ke3 Nf5+ 53. Kf2 Nxh4 54. gxh4 Bxh4+ 55. Kg2 Be1 56. Kf1 Bg3 57. Kg2 h4 58. Kh3 Ke7 0-1

[Event "Vecindario Ansite 4th A"]
[Site "Vecindario"]
[Date "2014.09.05"]
[Round "6.2"]
[White "Gonzalez Armas, Dinia"]
[Black "Suarez Ramirez, Jonay"]
[Result "1-0"]
[WhiteElo "1720"]
[BlackElo "1608"]
[PlyCount "91"]
[EventDate "2014.08.25"]
[EventType "tourn"]
[EventRounds "9"]
[EventCountry "ESP"]
[SourceTitle "EXT 2024"]
[Source "ChessBase"]
[SourceDate "2023.10.10"]
[SourceVersion "1"]
[SourceVersionDate "2023.10.10"]
[SourceQuality "1"]

1. e4 d5 2. exd5 Qxd5 3. Nc3 Qd6 4. Bc4 Nf6 5. d3 g6 6. Bd2 Bg7 7. Qe2 a6 8. a3 0-0 9. Nf3 b5 10. Bb3 c5 11. 0-0 Bb7 12. Rad1 Nbd7 13. Rfe1 e6 14. Bc1 Rfd8 15. Ne4 Qc7 16. c3 Rac8 17. Bg5 Re8 18. Nfd2 Nd5 19. Bh4 Be5 20. Nf3 Bf4 21. Bg3 Bxg3 22. hxg3 N5f6 23. Nfd2 Red8 24. Qe3 Kg7 25. Nxf6 Nxf6 26. Ne4 Nxe4 27. dxe4 c4 28. Bc2 Rxd1 29. Rxd1 Rd8 30. Rxd8 Qxd8 31. e5 Qd5 32. f3 Qd8 33. Kf2 Qd7 34. Qf4 Qd8 35. Ke3 Qb6+ 36. Qd4 Qxd4+ 37. Kxd4 h5 38. Kc5 g5 39. Kb6 Bd5 40. Kxa6 Bc6 41. Kb6 Be8 42. Be4 f5 43. Bc6 Bxc6 44. Kxc6 h4 45. g4 fxg4 46. fxg4 1-0

[Event "Las Palmas Fischer Memorial 3rd"]
[Site "Las Palmas"]
[Date "2013.10.25"]
[Round "5"]
[White "Sanchez Quintero, Raul"]
[Black "Gonzalez Armas, Dinia"]
[Result "1-0"]
[WhiteElo "2112"]
[BlackElo "1722"]
[PlyCount "71"]
[EventDate "2013.10.11"]
[EventType "swiss"]
[EventRounds "7"]
[EventCountry "ESP"]
[SourceTitle "EXT 2014"]
[Source "ChessBase"]
[SourceDate "2013.11.20"]
[SourceVersion "1"]
[SourceVersionDate "2013.11.20"]
[SourceQuality "1"]

1. f4 d5 2. Nf3 Bg4 3. Ne5 Be6 4. e3 Nd7 5. d4 Ngf6 6. Bd3 g6 7. 0-0 Ne4 8. Bxe4 dxe4 9. d5 Nxe5 10. dxe6 Nc4 11. exf7+ Kxf7 12. Qe2 Nd6 13. Bd2 Bg7 14. Bc3 e6 15. Bxg7 Kxg7 16. Nc3 Qf6 17. Rad1 Rhf8 18. Rd4 Rfe8 19. Nxe4 Nxe4 20. Rxe4 Qxb2 21. Qc4 Qb6 22. Qc3+ Kf7 23. Rb4 Qa5 24. Qb3 b6 25. f5 Kg7 26. fxe6 Qe5 27. Rf7+ Kh8 28. Re4 Qa1+ 29. Rf1 Qg7 30. h3 Re7 31. Rf7 Qa1+ 32. Kh2 Rae8 33. c3 Kg8 34. Rxe7 Rxe7 35. Qd5 Re8 36. Qd7 1-0

[Event "Las Palmas Fischer Memorial 3rd"]
[Site "Las Palmas"]
[Date "2013.10.18"]
[Round "3"]
[White "Diaz Suarez, Cayetano"]
[Black "Gonzalez Armas, Dinia"]
[Result "1-0"]
[WhiteElo "1850"]
[BlackElo "1722"]
[PlyCount "116"]
[EventDate "2013.10.11"]
[EventType "swiss"]
[EventRounds "7"]
[EventCountry "ESP"]
[SourceTitle "EXT 2014"]
[Source "ChessBase"]
[SourceDate "2013.11.20"]
[SourceVersion "1"]
[SourceVersionDate "2013.11.20"]
[SourceQuality "1"]

1. e4 c5 2. d4 cxd4 3. c3 d3 4. Bxd3 Qc7 5. Ne2 d6 6. Na3 a6 7. Be3 Nf6 8. Nc4 Nbd7 9. f3 b5 10. Nd2 Ne5 11. Nb3 Bb7 12. 0-0 g6 13. a4 Nc4 14. Bxc4 bxc4 15. Nbd4 Bg7 16. a5 0-0 17. Nc2 Nd7 18. Nb4 e6 19. Qe1 Nc5 20. Qf2 Rac8 21. Rfd1 Rfd8 22. Nd4 Rd7 23. Ndc2 Bf8 24. Ra3 Qd8 25. Nd4 Qc7 26. Qf1 d5 27. exd5 exd5 28. g3 Re8 29. Bf2 Qd8 30. Raa1 Qf6 31. Re1 Rxe1 32. Rxe1 Re7 33. Kg2 Qd6 34. Qg1 Na4 35. Rxe7 Bxe7 36. Qa1 Nc5 37. Qd1 Bd8 38. Qa1 Qc7 39. Ndc6 Nb3 40. Qa4 Bxc6 41. Qxc6 Qxc6 42. Nxc6 Bxa5 43. Ne7+ Kg7 44. Nxd5 Bd8 45. f4 f5 46. Bb6 Bf6 47. Ne3 Kf7 48. Nxc4 Ke6 49. Ne3 Kd6 50. Nd1 Kd5 51. Kf2 Kc4 52. Ke2 Nc5 53. Bxc5 Kxc5 54. Kd3 a5 55. b3 h6 56. Ne3 Bd8 57. Nc4 g5 58. Nxa5 gxf4 1-0

[Event "Gran Canaria Vecindario op 1st"]
[Site "Gran Canaria"]
[Date "2013.08.06"]
[Round "7"]
[White "Gonzalez Armas, Dinia"]
[Black "Lorenzo Perez, Raul"]
[Result "0-1"]
[WhiteElo "1734"]
[BlackElo "1745"]
[PlyCount "62"]
[EventDate "2013.08.01"]
[EventType "swiss"]
[EventRounds "7"]
[EventCountry "ESP"]
[SourceTitle "EXT 2015"]
[Source "ChessBase"]
[SourceDate "2014.11.20"]
[SourceVersion "1"]
[SourceVersionDate "2014.11.20"]
[SourceQuality "1"]

1. e4 d5 2. exd5 Qxd5 3. Nc3 Qa5 4. d4 Nf6 5. Bc4 c6 6. Nf3 Bg4 7. Qd3 e6 8. Bd2 Bf5 9. Ne4 Qc7 10. Nxf6+ gxf6 11. Qc3 Nd7 12. Bb3 Bd6 13. Qe3 0-0-0 14. 0-0-0 Kb8 15. Kb1 c5 16. Qc3 Rc8 17. a3 c4 18. Ba2 Nb6 19. Qa5 Qc6 20. Bc1 Bxc2+ 21. Ka1 Bxd1 22. Rxd1 Rhg8 23. Ne1 Nd5 24. g3 b6 25. Qd2 c3 26. Qd3 cxb2+ 27. Bxb2 Qa4 28. Bb3 Qa5 29. Ba2 Nc3 30. Rc1 Nxa2 31. Rxc8+ Rxc8 0-1

[Event "Gran Canaria Vecindario op 1st"]
[Site "Gran Canaria"]
[Date "2013.08.04"]
[Round "4"]
[White "Cruz Pino, Adrian"]
[Black "Gonzalez Armas, Dinia"]
[Result "1-0"]
[WhiteElo "2007"]
[BlackElo "1734"]
[PlyCount "81"]
[EventDate "2013.08.01"]
[EventType "swiss"]
[EventRounds "7"]
[EventCountry "ESP"]
[SourceTitle "EXT 2015"]
[Source "ChessBase"]
[SourceDate "2014.11.20"]
[SourceVersion "1"]
[SourceVersionDate "2014.11.20"]
[SourceQuality "1"]

1. Nf3 c5 2. Na3 a6 3. c4 b6 4. g3 Bb7 5. Bg2 Qc7 6. 0-0 Nf6 7. d3 e6 8. b3 Be7 9. Bb2 d6 10. Rc1 Nbd7 11. Qc2 0-0 12. Nb1 Rac8 13. Nbd2 Rfe8 14. e4 Ng4 15. h3 Nge5 16. Ne1 Nc6 17. f4 Bf6 18. Ba3 Nd4 19. Qd1 g6 20. Nc2 Nb8 21. Nxd4 Bxd4+ 22. Kh1 Bg7 23. f5 exf5 24. exf5 Bxg2+ 25. Kxg2 Qb7+ 26. Ne4 d5 27. Nd6 Qc6 28. Nxc8 Rxc8 29. Qf3 Rd8 30. fxg6 fxg6 31. Rce1 dxc4 32. Qxc6 Nxc6 33. bxc4 Be5 34. Rf3 Kg7 35. Rxe5 Nxe5 36. Bb2 Re8 37. Re3 Kf6 38. g4 h6 39. Kg3 Re6 40. Kf4 g5+ 41. Ke4 1-0

[Event "Gran Canaria Cabildo op"]
[Site "Gran Canaria"]
[Date "2013.01.28"]
[Round "6"]
[White "Gonzalez Armas, Dinia"]
[Black "Rodriguez Mellado, Antonio"]
[Result "0-1"]
[WhiteElo "1698"]
[BlackElo "1777"]
[PlyCount "66"]
[EventDate "2013.01.10"]
[EventType "swiss"]
[EventRounds "7"]
[EventCountry "ESP"]
[SourceTitle "CBM 152 Extra"]
[Source "ChessBase"]
[SourceDate "2013.02.25"]
[SourceVersion "1"]
[SourceVersionDate "2013.02.25"]
[SourceQuality "1"]

1. e4 e5 2. Nf3 d5 3. Nxe5 Bd6 4. Ng4 dxe4 5. Ne3 Nc6 6. d3 Nf6 7. Nc3 Be5 8. Nxe4 Nxe4 9. dxe4 Bd7 10. Be2 g6 11. c3 Qh4 12. Qc2 0-0-0 13. Bd2 Be6 14. g3 Qe7 15. f4 Bd6 16. Qa4 Bc5 17. Nf1 f5 18. Bf3 Bd5 19. 0-0-0 fxe4 20. Bg4+ Kb8 21. Ne3 Bf7 22. Rhe1 Rd3 23. Bh3 Rhd8 24. Bg2 Qd7 25. Nf1 Bf2 26. Re2 e3 27. Rxf2 exf2 28. b3 Rxc3+ 29. Kb2 Qd3 30. Ne3 Rc5 31. Bxc6 Rxc6 32. Qb4 f1Q 33. Nxf1 Qc2+ 0-1

[Event "Gran Canaria Cabildo op"]
[Site "Gran Canaria"]
[Date "2013.01.21"]
[Round "4"]
[White "De la Hoz Sanchez, Ruben"]
[Black "Gonzalez Armas, Dinia"]
[Result "0-1"]
[WhiteElo "1975"]
[BlackElo "1698"]
[PlyCount "84"]
[EventDate "2013.01.10"]
[EventType "swiss"]
[EventRounds "7"]
[EventCountry "ESP"]
[SourceTitle "CBM 152 Extra"]
[Source "ChessBase"]
[SourceDate "2013.02.25"]
[SourceVersion "1"]
[SourceVersionDate "2013.02.25"]
[SourceQuality "1"]

1. d4 Nf6 2. c4 c5 3. d5 g6 4. Nc3 d6 5. e4 b5 6. cxb5 Bg7 7. Nf3 0-0 8. Be2 a6 9. 0-0 axb5 10. Bxb5 Ba6 11. Qc2 Qb6 12. a4 Nbd7 13. Nd2 Qc7 14. Nc4 Ng4 15. Bxa6 Rxa6 16. Nb5 Qd8 17. Bd2 Nge5 18. Nxe5 Nxe5 19. Bc3 Qb6 20. Rfc1 Rc8 21. Rab1 c4 22. Rd1 Nd7 23. Bxg7 Kxg7 24. b3 Qc5 25. Rdc1 cxb3 26. Qb2+ f6 27. Rxc5 Nxc5 28. Nc3 Rb8 29. Ra1 Rb4 30. f3 Kf7 31. Kf1 Ra8 32. a5 Ra7 33. Ke2 Rc7 34. Qa3 Na6 35. Kd2 Rd4+ 36. Ke3 Rb4 37. Qb2 Nc5 38. Ra3 Rcb7 39. Ne2 Na4 40. Qb1 b2 41. Nd4 Rc4 42. Kd3 Rc1 0-1

[Event "Las Palmas Insular-chT Primera-B"]
[Site "Las Palmas"]
[Date "2012.12.01"]
[Round "3.4"]
[White "Rodriguez Manzaneda, Irene"]
[Black "Gonzalez Armas, Dinia"]
[Result "1-0"]
[WhiteElo "1724"]
[BlackElo "1698"]
[PlyCount "120"]
[EventDate "2012.11.10"]
[EventType "team-tourn"]
[EventRounds "14"]
[EventCountry "ESP"]
[SourceTitle "EXT 2014"]
[Source "ChessBase"]
[SourceDate "2013.11.20"]
[SourceVersion "1"]
[SourceVersionDate "2013.11.20"]
[SourceQuality "1"]
[WhiteTeam "Telde Los Llanos"]
[BlackTeam "Canarias Las Palmas "]
[WhiteTeamCountry "ESP"]
[BlackTeamCountry "ESP"]

1. e4 c5 2. d3 Nc6 3. g3 Nf6 4. Bg2 e6 5. f4 d6 6. Nf3 Qc7 7. 0-0 Be7 8. c3 Bd7 9. Be3 0-0 10. h3 Rab8 11. g4 Ne8 12. Nbd2 b5 13. d4 a5 14. e5 cxd4 15. cxd4 d5 16. Ng5 a4 17. Qb1 g6 18. Qe1 f6 19. exf6 Nxf6 20. Nb1 Nb4 21. Na3 Nc6 22. Nb1 Na5 23. Bd2 Nc4 24. Nxe6 Bxe6 25. Qxe6+ Kg7 26. g5 Nh5 27. f5 gxf5 28. Qh6+ Kh8 29. Qxh5 Nxd2 30. Nxd2 Qb6 31. Rf4 Bb4 32. Nf3 Rb7 33. g6 Qxg6 34. Qxg6 hxg6 35. Ne5 Kg7 36. Bxd5 Rc7 37. Rf2 Rd8 38. Nd3 Ba5 39. Nf4 Kf6 40. Bg2 Rcd7 41. Rd1 g5 42. Ne2 Rd6 43. Nc3 Bxc3 44. bxc3 Rc8 45. Rf3 f4 46. Bf1 Rb6 47. Rb1 Rcb8 48. Rb4 Kf5 49. Bd3+ Ke6 50. Rf2 a3 51. Re2+ Kf6 52. Re5 Rc8 53. Rc5 Rh8 54. Kg2 Re6 55. Rf5+ Ke7 56. Re5 Rc8 57. Rxe6+ Kxe6 58. Rb3 Rc7 59. Bxb5 Kd5 60. Bd3 Ra7 1-0

[Event "Las Palmas Insular-chT Primera-B"]
[Site "Las Palmas"]
[Date "2012.11.17"]
[Round "2.3"]
[White "Diaz Suarez, Cayetano"]
[Black "Gonzalez Armas, Dinia"]
[Result "1/2-1/2"]
[WhiteElo "1848"]
[BlackElo "1698"]
[PlyCount "100"]
[EventDate "2012.11.10"]
[EventType "team-tourn"]
[EventRounds "14"]
[EventCountry "ESP"]
[SourceTitle "EXT 2014"]
[Source "ChessBase"]
[SourceDate "2013.11.20"]
[SourceVersion "1"]
[SourceVersionDate "2013.11.20"]
[SourceQuality "1"]
[WhiteTeam "Univacit Guia"]
[BlackTeam "Canarias Las Palmas "]
[WhiteTeamCountry "ESP"]
[BlackTeamCountry "ESP"]

1. e4 c5 2. b3 d6 3. Bb2 Nc6 4. Bc4 Nf6 5. Nc3 a6 6. a4 e6 7. Nf3 Be7 8. 0-0 0-0 9. d4 cxd4 10. Nxd4 Nxe4 11. Nxc6 bxc6 12. Nxe4 d5 13. Qg4 e5 14. Qg3 dxc4 15. Rad1 Bd7 16. Bxe5 f6 17. Bc7 Qc8 18. bxc4 Be6 19. Bd6 Qe8 20. c5 Qf7 21. Bxe7 Qxe7 22. Nd6 Qa7 23. Rfe1 Bf7 24. Nf5 g6 25. Re7 Qxc5 26. Nh6+ Kg7 27. Rxf7+ Rxf7 28. Nxf7 Qxc2 29. Qd6 Kxf7 30. Qd7+ Kf8 31. Re1 Qc3 32. Qe7+ Kg8 33. h4 Rf8 34. h5 gxh5 35. Re3 Qc1+ 36. Kh2 h4 37. Qe6+ Kh8 38. Qf5 Qd1 39. Qc5 Rg8 40. Qxc6 Qd4 41. Qe4 Rg4 42. Qe8+ Rg8 43. Qe4 Qd1 44. Qxh4 Qd6+ 45. f4 Qc6 46. Rg3 Rxg3 47. Kxg3 Qc3+ 48. Kh2 Qd4 49. Kh3 Qd7+ 50. Kh2 Qd4 1/2-1/2

[Event "ESP-ch 77th"]
[Site "San Agustin"]
[Date "2012.10.06"]
[Round "8"]
[White "Gonzalez Armas, Dinia"]
[Black "Sanchez Montesdeoca, Isaac"]
[Result "0-1"]
[WhiteElo "1696"]
[BlackElo "1771"]
[PlyCount "156"]
[EventDate "2012.09.29"]
[EventType "swiss"]
[EventRounds "9"]
[EventCountry "ESP"]
[SourceTitle "EXT 2014"]
[Source "ChessBase"]
[SourceDate "2013.11.20"]
[SourceVersion "1"]
[SourceVersionDate "2013.11.20"]
[SourceQuality "1"]

1. e4 b6 2. d4 Bb7 3. Bd3 e6 4. Nf3 d5 5. e5 c5 6. c3 Nc6 7. Bg5 Qc7 8. Na3 a6 9. Nc2 h6 10. Bd2 c4 11. Be2 Nge7 12. Ne3 Ng6 13. Nf1 b5 14. Ng3 a5 15. Be3 Be7 16. Qd2 b4 17. Bd1 a4 18. 0-0 b3 19. axb3 axb3 20. Rxa8+ Bxa8 21. Be2 Qa5 22. Qc1 Kd7 23. Qa1 Bb7 24. Qxa5 Nxa5 25. Ra1 Ra8 26. Bc1 Nc6 27. Rxa8 Bxa8 28. Nh5 Bf8 29. Kf1 Nb8 30. g3 Na6 31. Ne1 Nc7 32. Ng2 Bc6 33. f4 Ne7 34. g4 Kd8 35. Ne3 Bd7 36. Kf2 Ne8 37. h3 Kc7 38. Bf3 Kd8 39. Ng3 f6 40. Nh5 fxe5 41. fxe5 Nc7 42. Ng2 Be8 43. Ng3 Bg6 44. Nf4 Bc2 45. Ng2 Ke8 46. Ne3 Bd3 47. Ng2 Kf7 48. Ke3 Ng6 49. Bd1 Be7 50. Kf2 Na6 51. Nh5 Nb8 52. Nhf4 Nxf4 53. Nxf4 Bh4+ 54. Kg2 Bb1 55. Bf3 Bg5 56. Kg3 Nd7 57. h4 Bxf4+ 58. Kxf4 Nf8 59. g5 hxg5+ 60. Kxg5 Bf5 61. Bxd5 exd5 62. Kxf5 g6+ 63. Kg5 Ne6+ 64. Kh6 Ng7 65. Bf4 Nf5+ 66. Kg5 Ng7 67. Kg4 Ke6 68. Bh6 Nh5 69. Bg5 Ng7 70. Bf6 Ne8 71. Bh8 Nc7 72. Bf6 Nb5 73. Bg5 Nxc3 74. Bc1 Ne2 75. Kg5 Nxc1 76. Kxg6 c3 77. h5 cxb2 78. h6 b1B+ 0-1

[Event "ESP-ch 77th"]
[Site "San Agustin"]
[Date "2012.10.04"]
[Round "6"]
[White "Gonzalez Armas, Dinia"]
[Black "Camino Carrio, Nicanor"]
[Result "0-1"]
[WhiteElo "1696"]
[BlackElo "1994"]
[PlyCount "96"]
[EventDate "2012.09.29"]
[EventType "swiss"]
[EventRounds "9"]
[EventCountry "ESP"]
[SourceTitle "EXT 2014"]
[Source "ChessBase"]
[SourceDate "2013.11.20"]
[SourceVersion "1"]
[SourceVersionDate "2013.11.20"]
[SourceQuality "1"]

1. e4 c5 2. c3 d6 3. d4 Nf6 4. Bd3 g6 5. h3 Bg7 6. Nf3 0-0 7. 0-0 Nc6 8. Qd2 e5 9. d5 Ne7 10. Nh2 Nh5 11. Bc2 Nf4 12. Qd1 f5 13. c4 fxe4 14. Bxe4 Nf5 15. Nf3 Nh4 16. Ne1 Qg5 17. Kh2 Qh6 18. Nc3 g5 19. Qc2 g4 20. Ne2 Nf5 21. Nd3 Nd4 22. Nxd4 cxd4 23. a4 Qh4 24. Ra3 Bd7 25. b4 Qh5 26. c5 Nxh3 27. gxh3 Qxh3+ 28. Kg1 g3 29. f3 Rf6 30. Qg2 Qh4 31. f4 Bh3 32. Qh2 Raf8 33. f5 Rh6 34. Ne1 Bxf1 35. Qxh4 Rxh4 36. Rxg3 Rxe4 37. Bh6 Rf7 38. cxd6 Bh3 39. Bxg7 Bxf5 40. Bh6+ Rg4 41. Rxg4+ Bxg4 42. Bg5 e4 43. Nc2 Rg7 44. Be7 d3 45. Ne3 Bd7+ 46. Kf2 Bxa4 47. Nc4 Kf7 48. Ke3 Rg2 0-1